banner-ar

استخدام الحاسوب والانترنت فى ميادين التربية والتعليم / (Record no. 10122)

MARC details
000 -الفاتح
حقل البيانات ثابتة الطول 00830nam a2200229Ia 4500
008 - عناصر البيانات ثابتة الطول - معلومات عامة
حقل البيانات ثابتة الطول 140319s9999 xx 000 0 ara d
040 ## - مصدر الفهرسة
وكالة الفهرسة الأصلية GCL /
وكالة النسخ GCL
082 04 - رقم تصنيف ديوى العشرى
رقم التصنيف 371.33
رقم المادة ج أ
100 1# - المدخل الرئيسى - إسم شخصى
الإسم الشخصى جودت احمد سعادة
245 10 - بيان العنوان
العنوان استخدام الحاسوب والانترنت فى ميادين التربية والتعليم /
بيان المسئوليه,etc جودت احمد سعادة
700 1# - المدخل الاضافى - اسم شخصى
الإسم الشخصى عادل فايز السرطاوى
250 ## - بيان الطبعة
بيان الطبعة الاولى
260 ## - PUBLICATION, DISTRIBUTION, ETC. (IMPRINT)
تاريخ النشر أو التوزيع 2003
300 ## - الوصف المادى
التعداد 384 ص ؛
أبعاد الوعاء 24 سم
650 04 - المدخل الاضافى بالموضوع-مصطلح موضوعى
مصطلح موضوعي التعليم - مناهج
650 04 - المدخل الاضافى بالموضوع-مصطلح موضوعى
مصطلح موضوعي التعليم - طرق البحث
650 04 - المدخل الاضافى بالموضوع-مصطلح موضوعى
مصطلح موضوعي التعليم - خدمات المعلومات
650 04 - المدخل الاضافى بالموضوع-مصطلح موضوعى
مصطلح موضوعي التعليم - تطوير
650 04 - المدخل الاضافى بالموضوع-مصطلح موضوعى
مصطلح موضوعي التعليم - الانترنت
942 ## - عناصر المدخل الإضافي( كوها)
مصدر التصنيف او مخطط الترفيف Dewey Decimal Classification
Koha [default] item type كتاب
260 ## - PUBLICATION, DISTRIBUTION, ETC. (IMPRINT)
-- الاردن :
-- دار الشروق ،
Holdings
حالة التراجع حالة الفقد حالة تلف ليس للاعارة المكان المؤقت الموقع الحالى تاريخ الاكتساب اجمالي اﻻعارات رقم الطلب الباركود تاريخ اخر مشاهدة تاريخ تفعيل السعر نوع وعاء كوها
        مكتبة القاهرة الكبرى مكتبة القاهرة الكبرى 03/26/2014   371.33\ج أ 20703 03/26/2014 03/26/2014 كتاب

Powered By

EGPV